00561nam a22001937a 4500003001100000005001700011008004100028020001500069040003900084041000800123082001500131100001900146245004200165260005700207300001500264650003200279650003100311700002500342LK-CoMWRAF20240527153744.0240309b2005 |||||||| |||| 00| 0 eng d a9551274229 aLK-CoMWRAFdLK-CoMWRAFeLK-CoMWRAF aeng a305.4bZAH aZahir, Shahina aWomen's political & economic literacy aColombo:bNational peace council of Sri Lanka,c2005 a47 p., ill aFeminism-Political literacy aFeminism-Economic literacy aSamararatne, Dinesha